| 000 | 00802nam a22002057a 4500 | ||
|---|---|---|---|
| 999 |
_c80964 _d80964 |
||
| 008 | 201130b ||||| |||| 00| 0 eng d | ||
| 040 |
_bger _cDE-2950 _erda _aDE-2950 |
||
| 041 | _ager | ||
| 100 | _aWaldmann, Nancy. | ||
| 245 |
_aGeneration 1200 setzt sich selbst ein Denkmal. _bRückkehr: Zwölf aus Frankfurt und Slubice stammende Graffiti-Künstler haben kreativ die 90er Jahre aufgearbeitet / _cNancy Waldmann und Jacqueline Westermann |
||
| 653 | _aFrankfurt (Oder) | ||
| 653 | _aGraffiti-Kunst | ||
| 653 | _aStadtbrücke | ||
| 653 | _aJugendszene | ||
| 773 |
_dFrankfurt (Oder): Märkisches Verlags- und Druckhaus GmbH & Co KG _g32. Jahrgang (2021) Nr. 92 vom 21.04.2021, S. 15 _tMärkische Oderzeitung |
||
| 942 | _cA | ||